Managing for growth (Record no. 344268)

000 -LEADER
fixed length control field 00402cam a22001457a 4500
008 - FIXED-LENGTH DATA ELEMENTS--GENERAL INFORMATION
fixed length control field 180718b1972 xxu||||| |||| 00| 0 eng d
020 ## - INTERNATIONAL STANDARD BOOK NUMBER
International Standard Book Number 0 582 44594 9
082 ## - DEWEY DECIMAL CLASSIFICATION NUMBER
Classification number I5 F812
100 ## - MAIN ENTRY--PERSONAL NAME
Personal name Foster, Douglas
245 ## - TITLE STATEMENT
Title Managing for growth
Statement of responsibility, etc. by Doulgas Foster
260 ## - PUBLICATION, DISTRIBUTION, ETC.
Place of publication, distribution, etc. London
Name of publisher, distributor, etc. Longman
Date of publication, distribution, etc. 1972
300 ## - PHYSICAL DESCRIPTION
Extent v
500 ## - GENERAL NOTE
General note Contents: v.2. Practical Management, 113p
650 ## - SUBJECT ADDED ENTRY--TOPICAL TERM
Topical term or geographic name entry element Industrial management
Holdings
Withdrawn status Lost status Damaged status Not for loan Permanent Location Current Location Date acquired Full call number Barcode Date last seen Price effective from Koha item type
        Indian Institute of Public Administration Indian Institute of Public Administration 1993-10-03 I5 F812 48434 2018-07-21 2018-07-21 Book

Powered by Koha